000 00752nam a2200205Ia 4500
003 OSt
005 20251125162625.0
008 210719s2005 xx 000 0 und d
040 _cAL
041 _akannada
082 _a305.5K RAJT
100 _aRAJENDRA
_966662
_dರಾಜೇಂದ್ರ
245 _aTereyannu teredaga V T Rajshekar baduku mathu chaluvali
_b ತೆರೆಯನ್ನು ತೆರೆದಾಗ : ವಿ ಟಿ ರಾಜಶೇಖರ್ ಬದುಕು ಮತ್ತು ಚಳುವಳಿ
260 _aBengaluru
_bDalita Sahitya Sanghatane
_c2005
300 _a159
_bPB
365 _b100
_cRs
650 _aBiography
_9185891
906 _abaduku ; chaluvali ; mathu ; Rajshekar ; T ; teredaga ; Tereyannu ; V
942 _2ddc
_cBK
999 _c215904
_d215904